Personnalités au hasard #22 - Statistiques

Statistiques générales
  • Ce quiz a été pris 349 fois
  • Le résultat moyen est 7 sur 32
Statistiques - réponses
Par images Réponse % Correct
Charles de Gaulle
94%
Norman Thavaud
91%
Nikos Aliagas
85%
Marilyn Monroe
76%
Christine and the Queens
60%
Manuel Neuer
48%
Dominique Strauss-Kahn
41%
Lizzo
32%
Fergie
30%
Christine Ockrent
15%
Lous and the Yakuza
15%
Pierre Hermé
15%
Michelle Yeoh
14%
François Lenglet
12%
Philippe
11%
Denise Fabre
10%
Aimé Césaire
9%
Solange Knowles
9%
Alphonse de Lamartine
7%
Pie XII
7%
Élisabeth Quin
5%
Elisabeth Guigou
4%
Latto
4%
Alexandre Millerand
3%
Jean Sarkozy
3%
Mahaut Drama
3%
Mathieu Klein
3%
Fran Drescher
2%
John Deacon
2%
Nora Hamadi
2%
Brooke Adams
1%
Zach Cherry
1%
Aucun quiz correspondant
Distribution des résultats
% des personnes avec chaque résultat
Percentile par nombre de réponses
Votre historique - résultats
Vous n’avez pas pris ce quiz